Ročenka Československé republiky 1924

Gespeichert in:
Bibliographische Detailangaben
Format: Buch
Sprache:Tschechisch
Veröffentlicht: Praha [s.n.] 1924
Tags: Tag hinzufügen
Keine Tags, Fügen Sie das erste Tag hinzu!

MARC

LEADER 00000nam a2200000 4500
001 c116781
005 20041019155205.6
041 0 |a cze 
044 |a CZ 
245 1 0 |a Ročenka Československé republiky 1924 
264 1 |a Praha  |b [s.n.]  |c 1924 
300 |a 448 s.